[Event "GCT Rapid Paris 2018"]
[Site "Paris FRA"]
[Date "2018.06.21"]
[Round "6.4"]
[White "Mamedyarov,S"]
[Black "Caruana,F"]
[Result "1/2-1/2"]
[WhiteElo "2808"]
[BlackElo "2816"]

1.d4 Nf6 2.c4 e6 3.Nc3 Bb4 4.Qc2 O-O 5.a3 Bxc3+ 6.Qxc3 d5 7.Nf3 dxc4 8.Qxc4 b6
9.Bg5 Ba6 10.Qa4 Qd7 11.Qc2 c5 12.Bxf6 gxf6 13.Rd1 Qe7 14.g3 Bb7 15.Bg2 Rd8
16.O-O Nd7 17.Ng5 fxg5 18.Bxb7 Rab8 19.Bg2 cxd4 20.Rxd4 Ne5 21.Rfd1 Rxd4
22.Rxd4 Rd8 23.Qd2 Rxd4 24.Qxd4 Qc7 25.h3 h6 26.f4 gxf4 27.gxf4 Ng6 28.e3 Nh4
29.Be4 Nf5 30.Bxf5  1/2-1/2

[Event "GCT Rapid Paris 2018"]
[Site "Paris FRA"]
[Date "2018.06.22"]
[Round "8.4"]
[White "Mamedyarov,S"]
[Black "Grischuk,A"]
[Result "1-0"]
[WhiteElo "2808"]
[BlackElo "2766"]

1.d4 Nf6 2.Nf3 g6 3.Bg5 Bg7 4.Nbd2 d5 5.e3 O-O 6.Bd3 c5 7.c3 Qb6 8.Rb1 h6
9.Bh4 cxd4 10.exd4 Qe6+ 11.Be2 Qb6 12.Bd3 Qe6+ 13.Be2 Qb6 14.Ne5 Nfd7 15.f4 g5
16.Nxd7 Bxd7 17.fxg5 hxg5 18.Bxg5 Bf5 19.Nf3 Bxb1 20.Qxb1 e5 21.dxe5 Nd7
22.Bf4 Rae8 23.Ng5 Qg6 24.Qxg6 fxg6 25.e6 Ne5 26.Bb5 Re7 27.Bxe5 Bxe5 28.Bd7 Rf4
29.Nf3 Bf6 30.Ke2 Rh7 31.Rd1 Rh5 32.h3 Kf8 33.Rd3 Ke7 34.Kd2 a5 35.a4 b6
36.Kc2 Re4 37.Kd1 Rf4 38.Ke2 Re4+ 39.Kf2 Rf5 40.g3 g5 41.g4 Rff4 42.Rxd5 Re5
43.Rd3 Rc5 44.Ke3 Rcc4 45.Nd4 Bxd4+ 46.cxd4 Rf1 47.Bb5 Rc2 48.d5 Kd6 49.Rb3 Re1+
50.Kd4 Rc5 51.Bc6 Rd1+ 52.Ke4 Rf1 53.Rxb6 Rf4+ 54.Ke3 Rc1 55.Kd2 Rh1 56.Kc2 Rxh3
57.Bb5+ Kc5 58.Rc6+ Kxd5 59.e7 Rf2+ 60.Kb1 Re3 61.Rc7 Rfe2 62.Bxe2 Rxe2 63.Ka2 Re4
64.Ka3 Kd6 65.Ra7  1-0

[Event "GCT Blitz Paris 2018"]
[Site "Paris FRA"]
[Date "2018.06.23"]
[Round "1.2"]
[White "Grischuk,A"]
[Black "Mamedyarov,S"]
[Result "1/2-1/2"]
[WhiteElo "2766"]
[BlackElo "2808"]

1.e4 c6 2.d4 d5 3.e5 Bf5 4.Nd2 e6 5.Nb3 Nd7 6.Nf3 Ne7 7.Be2 Ng6 8.O-O f6
9.c4 dxc4 10.Bxc4 fxe5 11.Ng5 Qf6 12.g4 Nf4 13.Bxf4 exf4 14.Nxe6 Bxe6 15.Bxe6 O-O-O
16.Re1 Kb8 17.Qf3 Bd6 18.Re4 h5 19.Bxd7 Rxd7 20.Rae1 Qg6 21.h3 hxg4 22.Qxg4 Qxg4+
23.hxg4 f3 24.Re8+ Rd8 25.Rxd8+ Rxd8 26.Re3 Rf8 27.Nd2 Rf4 28.Nxf3 Rxg4+
29.Kf1 a5 30.a4 Kc7 31.Ke2 b5 32.b3 Rf4 33.Re6 bxa4 34.bxa4 c5 35.Ke3 g5
36.Re4 Rf5 37.dxc5 Rxc5 38.Kd3 Rf5 39.Nd4 Rxf2 40.Ne6+ Kc6 41.Nxg5 Ra2 42.Rc4+ Kb6
43.Ne4 Bb4 44.Nc3 Ra3 45.Kc2 Bxc3 46.Rxc3  1/2-1/2

[Event "GCT Blitz Paris 2018"]
[Site "Paris FRA"]
[Date "2018.06.23"]
[Round "3.3"]
[White "So,W"]
[Black "Mamedyarov,S"]
[Result "1-0"]
[WhiteElo "2778"]
[BlackElo "2808"]

1.d4 d5 2.c4 c5 3.cxd5 Qxd5 4.Nf3 cxd4 5.Nc3 Qa5 6.Nxd4 Nf6 7.g3 e5 8.Nb3 Qc7
9.Bg2 Bb4 10.Bd2 O-O 11.O-O Rd8 12.Rc1 Nc6 13.Qc2 Be6 14.Bg5 Rac8 15.Qb1 Qb6
16.Na4 Qb5 17.Nac5 Bxb3 18.Nxb3 Qxe2 19.Bxf6 gxf6 20.Qf5 Ne7 21.Qxf6 Rxc1
22.Rxc1 Rd6 23.Qg5+ Ng6 24.h4 Be1 25.Qf5 Nf4 26.gxf4 Qxf2+ 27.Kh1 Rg6 28.Rc2 Qxh4+
29.Kg1 Bg3 30.Qxe5 Qg4 31.Rd2 Qh4 32.Nd4 Bh2+ 33.Kf1 Qxf4+ 34.Qxf4 Bxf4 35.Re2 h5
36.Bxb7 Kf8 37.Bc6 Bc7 38.Be4 Ra6 39.Nf5 Re6 40.Bd3 Rb6 41.Rc2 Bd8 42.Rc8 Ke8
43.Bb5+ Rxb5 44.Nd6+  1-0

[Event "GCT Blitz Paris 2018"]
[Site "Paris FRA"]
[Date "2018.06.23"]
[Round "4.2"]
[White "Mamedyarov,S"]
[Black "Caruana,F"]
[Result "0-1"]
[WhiteElo "2808"]
[BlackElo "2816"]

1.d4 Nf6 2.c4 e6 3.Nf3 d5 4.Bg5 Bb4+ 5.Nbd2 dxc4 6.e3 b5 7.a4 c6 8.Be2 O-O
9.O-O Nbd7 10.Qc2 a5 11.b3 cxb3 12.Qxc6 Rb8 13.Bxb5 Bb7 14.Qc1 Rc8 15.Qd1 b2
16.Rb1 Bc3 17.Qb3 Nb6 18.Rxb2 Bd5 19.Qa3 Bxb2 20.Qxb2 h6 21.Bh4 Qc7 22.Bxf6 gxf6
23.e4 Ba8 24.Qa3 Kg7 25.Qe3 Rfd8 26.h3 Qd6 27.Rb1 Rb8 28.Re1 Rg8 29.Nf1 Kh7
30.Bd3 Qf8 31.N3h2 Qg7 32.Ng4 Kh8 33.Ng3 Qg5 34.f4 Qh4 35.f5 Qg5 36.e5 Qxe3+
37.Rxe3 Nd5 38.Re1 Rb3 39.Rd1 Nf4 40.Nxf6 Rxg3  0-1

[Event "GCT Blitz Paris 2018"]
[Site "Paris FRA"]
[Date "2018.06.23"]
[Round "5.4"]
[White "Anand,V"]
[Black "Mamedyarov,S"]
[Result "1/2-1/2"]
[WhiteElo "2759"]
[BlackElo "2808"]

1.e4 c5 2.Nf3 Nf6 3.e5 Nd5 4.Nc3 e6 5.Nxd5 exd5 6.d4 Nc6 7.dxc5 Bxc5 8.Qxd5 d6
9.exd6 Qb6 10.Qe4+ Be6 11.Qh4 f6 12.Bc4 Bxf2+ 13.Qxf2 Bxc4 14.b3 Qxf2+ 15.Kxf2 Bf7
16.c4 Kd7 17.Ba3 a5 18.Nd2 Rhe8 19.Rhe1 Ne5 20.Kg1 a4 21.Ne4 b6 22.Nc3 Ra6
23.Nb5 Rc8 24.Bb2 Nc6 25.Rad1 Bg6 26.Re7+ Nxe7 27.dxe7+ Kxe7 28.Ba3+ Ke8
29.Re1+ Kd8 30.Rd1+ Ke8  1/2-1/2

[Event "GCT Blitz Paris 2018"]
[Site "Paris FRA"]
[Date "2018.06.23"]
[Round "6.3"]
[White "Mamedyarov,S"]
[Black "Vachier Lagrave,M"]
[Result "1-0"]
[WhiteElo "2808"]
[BlackElo "2789"]

1.d4 Nf6 2.Nf3 g6 3.Bg5 Bg7 4.Nbd2 O-O 5.c3 d6 6.e4 c5 7.d5 h6 8.Bh4 e6 9.dxe6 Bxe6
10.Bd3 Nc6 11.O-O Re8 12.Re1 Qc7 13.Bc4 Rad8 14.h3 a6 15.a4 g5 16.Bxe6 Rxe6
17.Bg3 Qe7 18.Qc2 Re8 19.Rad1 b5 20.axb5 axb5 21.Qb3 b4 22.Qa4 Qb7 23.Nc4 bxc3
24.Nxd6 Rxd6 25.Rxd6 cxb2 26.Rb1 Nxe4 27.Rxc6 Nc3 28.Rc7 Qb8 29.Qd7 Rf8 30.Rb7 Qxb7
31.Qxb7 Nxb1 32.Be5 Nd2 33.Bxb2 Nxf3+ 34.gxf3 Bxb2 35.Qxb2 Re8 36.Qb5 Re6
37.f4 gxf4 38.Qb8+ Kg7 39.Qxf4 Rg6+ 40.Kf1 Re6 41.Qf5 c4 42.Qc5 Kg8 43.Qxc4 Kg7
44.Kg2 Rg6+ 45.Kf3 Rf6+ 46.Kg4 Rg6+ 47.Kh5 Rg5+ 48.Kh4 Rg6 49.Qd4+ Kg8 50.f4  1-0

[Event "GCT Blitz Paris 2018"]
[Site "Paris FRA"]
[Date "2018.06.23"]
[Round "7.4"]
[White "Aronian,L"]
[Black "Mamedyarov,S"]
[Result "1/2-1/2"]
[WhiteElo "2764"]
[BlackElo "2808"]

1.e4 e5 2.Bc4 Nf6 3.d3 Nc6 4.Nf3 h6 5.O-O d6 6.Nc3 Na5 7.Bb3 c6 8.d4 Qc7
9.Qd3 Be7 10.Ne2 O-O 11.Ng3 c5 12.dxc5 dxc5 13.Bd2 Nxb3 14.axb3 Rd8 15.Qe2 b6
16.Bc3 Bd6 17.Nd2 Bg4 18.Qe3 Nd7 19.Nc4 Nf8 20.Nf5 Bxf5 21.exf5 f6 22.Qe4 Be7
23.Rfe1 Qc8 24.Ne3 Rd7 25.f4 Qb7 26.Qxb7 Rxb7 27.fxe5 fxe5 28.Bxe5 Nd7 29.Bc3 Rf8
30.Nd5 Bd8 31.g4 Nf6 32.Bxf6 Bxf6 33.Nxf6+ Rxf6 34.Re8+ Kh7 35.Rae1 h5 36.h3 Rd7
37.Kg2 hxg4 38.hxg4 g6 39.R1e7+ Rf7 40.f6 Kh6 41.Rxd7 Rxd7 42.Re5 g5 43.Kf3 Kg6
44.Rf5 Kf7 45.Rxg5 Kxf6 46.Rf5+ Kg6 47.Ke3 Rd1 48.c3 Rg1 49.Rf8 Rg2 50.Kd3 Rxb2
51.Kc4 Kg5 52.Rg8+ Kf4 53.g5 Kf5 54.Rg7 Ra2 55.Rg8 Ra3 56.Rg7 a6 57.b4 cxb4
58.cxb4 Re3 59.Ra7 b5+ 60.Kd5 Re5+ 61.Kc6 Re6+ 62.Kb7 Kxg5 63.Rxa6 Re4  1/2-1/2

[Event "GCT Blitz Paris 2018"]
[Site "Paris FRA"]
[Date "2018.06.24"]
[Round "10.2"]
[White "Mamedyarov,S"]
[Black "Grischuk,A"]
[Result "1/2-1/2"]
[WhiteElo "2808"]
[BlackElo "2766"]

1.d4 Nf6 2.Nf3 g6 3.Bg5 Bg7 4.Nbd2 d5 5.c3 O-O 6.e3 c5 7.dxc5 Nbd7 8.b4 a5
9.Nd4 h6 10.Bh4 Ne4 11.Nxe4 dxe4 12.Be2 Ne5 13.O-O Nd3 14.a3 axb4 15.axb4 Rxa1
16.Qxa1 g5 17.Bg3 f5 18.f3 f4 19.fxe4 fxg3 20.Bxd3 gxh2+ 21.Kxh2 Qc7+ 22.Kg1 Qg3
23.Qa2+ e6 24.Rxf8+ Bxf8 25.Qf2 Qe5 26.Be2 Kg7 27.Bh5 Qf6 28.Qxf6+ Kxf6 29.Bg4 Ke5
30.Kf2 Be7 31.Ke2 Kxe4 32.Bxe6 Bxe6 33.Nxe6 h5 34.Nd4 h4 35.c6 bxc6 36.Nxc6 Bd6
37.Nd4 g4 38.Nb3 Be5 39.Nd2+ Kf5 40.b5 Bxc3 41.Nc4 Bf6 42.b6 Bd8 43.b7 Bc7
44.Nd2 Ke5 45.Kd3 Kd5 46.e4+ Kc6 47.Kd4 h3 48.gxh3 gxh3 49.Nf3 Kxb7 50.e5 h2  1/2-1/2

[Event "GCT Blitz Paris 2018"]
[Site "Paris FRA"]
[Date "2018.06.24"]
[Round "11.4"]
[White "Kramnik,V"]
[Black "Mamedyarov,S"]
[Result "0-1"]
[WhiteElo "2792"]
[BlackElo "2808"]

1.e4 e5 2.Nf3 Nc6 3.Bb5 a6 4.Ba4 b5 5.Bb3 g6 6.d4 exd4 7.Nxd4 Na5 8.O-O Bg7
9.Re1 Ne7 10.e5 O-O 11.Bg5 c5 12.Bd5 Rb8 13.Nb3 Nxb3 14.axb3 h6 15.Bh4 Rb6
16.Nc3 g5 17.Bg3 Nf5 18.Ne4 Nxg3 19.hxg3 Bxe5 20.c3 d6 21.Qh5 Bg7 22.Rad1 b4
23.f4 gxf4 24.gxf4 bxc3 25.bxc3 Qd7 26.Rd3 Qf5 27.Qf3 Be6 28.Ng3 Qg4 29.Qe4 Re8
30.Nf5 Rbb8 31.Rg3 Qxf5  0-1

[Event "GCT Blitz Paris 2018"]
[Site "Paris FRA"]
[Date "2018.06.24"]
[Round "12.2"]
[White "Mamedyarov,S"]
[Black "So,W"]
[Result "1/2-1/2"]
[WhiteElo "2808"]
[BlackElo "2778"]

1.d4 Nf6 2.c4 e6 3.Nf3 d5 4.Nc3 c5 5.cxd5 cxd4 6.Nxd4 Nxd5 7.Bd2 Be7 8.e4 Nxc3
9.Bxc3 O-O 10.Be2 Qb6 11.Qb3 Qxb3 12.Nxb3 Rd8 13.f3 b6 14.Rd1 Rxd1+ 15.Kxd1 Ba6
16.a3 Kf8 17.Nd4 Bf6 18.h4 h5 19.e5 Bxe5 20.Nxe6+ fxe6 21.Bxe5 Bxe2+ 22.Kxe2 Nc6
23.Bc3 Rd8 24.g4 Kf7 25.gxh5 Nd4+ 26.Kf2 Nf5 27.Rg1 Rh8 28.Rg5 Rh7 29.a4 Nxh4
30.Ke3 Nf5+ 31.Kd3 Rh8 32.Kc4 a6 33.Kb3 b5 34.axb5 Rb8 35.Rg4 Rxb5+ 36.Rb4 Ng3
37.Rxb5 axb5 38.Kb4 Nxh5 39.Kxb5 Nf4 40.Kc6 Nd5 41.Bd2 Kf6 42.b4 Nxb4+ 43.Bxb4 Kf5
44.Bd6 g5 45.Bg3 e5 46.Kd5 g4 47.fxg4+ Kxg4 48.Bxe5  1/2-1/2

[Event "GCT Blitz Paris 2018"]
[Site "Paris FRA"]
[Date "2018.06.24"]
[Round "13.3"]
[White "Caruana,F"]
[Black "Mamedyarov,S"]
[Result "0-1"]
[WhiteElo "2816"]
[BlackElo "2808"]

1.e4 d6 2.d4 Nf6 3.Nc3 g6 4.Be3 c6 5.f4 b5 6.Bd3 Ng4 7.Bd2 e5 8.dxe5 dxe5
9.Qf3 exf4 10.Bxf4 Bg7 11.O-O-O O-O 12.Bxb5 Qa5 13.Bc4 Bxc3 14.bxc3 Na6 15.Ne2 Nc5
16.Rhf1 Qa3+ 17.Kd2 Qa4 18.Bd3 Nf6 19.Ke1 Bg4 20.Qe3 Ncxe4 21.Qd4 Qa5 22.Qb4 Qxb4
23.cxb4 Rfe8 24.h3 Bxe2 25.Bxe2 Nd5 26.Rd3 Nxb4 27.Rb3 Nxc2+ 28.Kd1 Nd4 29.Re3 Nxe2
30.Kxe2 Nc3+ 31.Kd3 Nxa2 32.Kc4 a5 33.Ra1 Rxe3 34.Bxe3 Nb4 35.Bh6 f6 36.Kc5 Kf7
37.h4 Nd3+ 38.Kxc6 a4 39.Kb5 a3 40.Kc4 Ne5+ 41.Kb3 g5 42.hxg5 Kg6 43.gxf6 Kxh6
44.Ka2 Kg6 45.Rf1 Nf7 46.Rf3 Ra6 47.Rg3+ Kxf6 48.Rh3 h6  0-1

[Event "GCT Blitz Paris 2018"]
[Site "Paris FRA"]
[Date "2018.06.24"]
[Round "14.4"]
[White "Mamedyarov,S"]
[Black "Anand,V"]
[Result "1/2-1/2"]
[WhiteElo "2808"]
[BlackElo "2759"]

1.d4 Nf6 2.c4 e6 3.Nc3 Bb4 4.Qc2 d5 5.Bg5 h6 6.Bxf6 Qxf6 7.a3 Bxc3+ 8.Qxc3 O-O
9.Nf3 c6 10.h4 Nd7 11.g4 Qe7 12.g5 h5 13.e3 dxc4 14.Bxc4 b6 15.O-O-O Bb7
16.g6 fxg6 17.Ng5 Rf6 18.f4 b5 19.Ba2 c5 20.d5 c4 21.Nxe6 Bxd5 22.Rxd5 Rxe6
23.Rxb5 Rxe3 24.Bxc4+ Kh8 25.Qd4 Re4 26.Qd5 Qe8 27.Bd3 Nf6 28.Qb7 Re7 29.Qa6 Rc8+
30.Kb1 Re6 31.Qa5 Rd8 32.Bc2 Re2 33.Re5 Rxe5 34.Qxe5 Qc6 35.Rg1 Ng4 36.Qe4 Qxe4
37.Bxe4 Kh7 38.f5 Rd4 39.fxg6+ Kh6 40.Bb7 Ne5 41.Re1 Nxg6 42.Re6 Rxh4 43.b4 Rf4
44.b5 Rf6 45.Rxf6 gxf6 46.a4 Ne5 47.Bd5 Nd7 48.a5 Kg5 49.Kc2 Kf4 50.Bc6 Nc5
51.Kc3 Ke5 52.Kc4 Kd6 53.Bf3 h4 54.b6 axb6 55.axb6 f5 56.Kd4 Ne4  1/2-1/2

[Event "GCT Blitz Paris 2018"]
[Site "Paris FRA"]
[Date "2018.06.24"]
[Round "15.5"]
[White "Vachier Lagrave,M"]
[Black "Mamedyarov,S"]
[Result "1-0"]
[WhiteElo "2789"]
[BlackElo "2808"]

1.e4 c6 2.d4 d5 3.e5 Bf5 4.Nf3 e6 5.Be2 Ne7 6.Nbd2 Nd7 7.O-O c5 8.c3 Nc6
9.Nb3 c4 10.Nbd2 b5 11.Re1 b4 12.Nf1 Be7 13.Ng3 Bg6 14.Be3 O-O 15.h4 Bxh4
16.Nxh4 Qxh4 17.cxb4 Nxb4 18.Qd2 Nc2 19.Rac1 Nxe3 20.Qxe3 f6 21.exf6 Rxf6
22.b3 cxb3 23.axb3 Raf8 24.Rc7 Nb6 25.Bf3 Nc8 26.Qe5 Qf4 27.Qxf4 Rxf4 28.Rxe6 Rxd4
29.Rec6 Nb6 30.Rxa7 Rf6 31.Rcc7 Rf7 32.Rxf7 Bxf7 33.Rb7 Nc8 34.Nf5 Rf4 35.Rb8  1-0

[Event "GCT Blitz Paris 2018"]
[Site "Paris FRA"]
[Date "2018.06.24"]
[Round "16.5"]
[White "Mamedyarov,S"]
[Black "Aronian,L"]
[Result "0-1"]
[WhiteElo "2808"]
[BlackElo "2764"]

1.d4 d5 2.c4 c6 3.cxd5 cxd5 4.Bg5 Nf6 5.Bxf6 gxf6 6.Nc3 e6 7.e3 Nd7 8.Bd3 f5
9.h3 h5 10.h4 Nf6 11.Nge2 Bd6 12.Qb3 a6 13.Rc1 b5 14.a4 b4 15.Nb1 Bd7 16.Qd1 Qa5
17.b3 Ne4 18.Kf1 Ke7 19.f3 Nf6 20.Kf2 Qb6 21.Nd2 f4 22.e4 Be5 23.exd5 Bxd4+
24.Kf1 Nxd5 25.Nc4 Ne3+ 26.Nxe3 Bxe3 27.Rc4 Rac8 28.g3 Rxc4 29.Bxc4 Bc6 30.Nxf4 Bxf4
31.gxf4 Qe3 32.Rh3 Rg8  0-1

[Event "GCT Blitz Paris 2018"]
[Site "Paris FRA"]
[Date "2018.06.24"]
[Round "18.5"]
[White "Karjakin,Sergey"]
[Black "Mamedyarov,S"]
[Result "1/2-1/2"]
[WhiteElo "2782"]
[BlackElo "2808"]

1.e4 c5 2.Nf3 Nf6 3.e5 Nd5 4.Nc3 e6 5.Nxd5 exd5 6.d4 Nc6 7.dxc5 Bxc5 8.Bd3 d6
9.exd6 O-O 10.O-O Qxd6 11.Re1 h6 12.Be3 Bg4 13.Bxc5 Qxc5 14.h3  1/2-1/2

[Event "51st Biel GM 2018"]
[Site "Biel SUI"]
[Date "2018.07.22"]
[Round "1.2"]
[White "Mamedyarov,S"]
[Black "Georgiadis,N"]
[Result "1-0"]
[WhiteElo "2801"]
[BlackElo "2526"]

1.c4 Nf6 2.Nf3 e6 3.Nc3 d5 4.e3 a6 5.b3 c5 6.Bb2 Nc6 7.cxd5 exd5 8.Rc1 Bg4
9.h3 Bh5 10.Na4 Nd7 11.Be2 b5 12.Nc3 Nf6 13.O-O Be7 14.a4 Bxf3 15.Bxf3 Rb8
16.axb5 axb5 17.Ne2 Qd6 18.Nf4 Nb4 19.Ba3 Na6 20.d4 b4 21.Bb2 O-O 22.Bxd5 Nxd5
23.dxc5 Nxc5 24.Nxd5 Rfd8 25.Qg4 Bf8 26.Nf6+ Kh8 27.Qf5 g6 28.Ne4+  1-0

[Event "51st Biel GM 2018"]
[Site "Biel SUI"]
[Date "2018.07.23"]
[Round "2.2"]
[White "Navara,D"]
[Black "Mamedyarov,S"]
[Result "1/2-1/2"]
[WhiteElo "2741"]
[BlackElo "2801"]

1.e4 e5 2.Nf3 Nc6 3.Bb5 a6 4.Ba4 Nf6 5.O-O Nxe4 6.d4 b5 7.Bb3 d5 8.dxe5 Be6
9.Nbd2 Nc5 10.c3 d4 11.Bxe6 Nxe6 12.cxd4 Ncxd4 13.a4 Rb8 14.axb5 axb5 15.Ne4 Qd5
16.Nxd4 Nxd4 17.Ng3 g6 18.Be3 Rd8 19.Bg5 Be7 20.Bxe7 Kxe7 21.Qg4 Ne6 22.Qh4+ g5
23.Qb4+ Qc5 24.Qe4 Qc4 25.Nf5+ Ke8 26.Qxc4 bxc4 27.Rfc1 Rd2 28.Ra8+ Rd8 29.Rca1 Rf8
30.h4 Rxa8 31.Rxa8+ Kd7 32.Ra4 Rb8 33.Rxc4 Rxb2 34.hxg5 c5 35.Rh4 Nxg5 36.f4 Ne6
37.Nd6 Rb4 38.g3 c4 39.f5 Ng5 40.Kf2 Rb2+ 41.Ke3 c3 42.Nxf7 c2 43.e6+ Ke7
44.Rc4 Nxf7  1/2-1/2

[Event "51st Biel GM 2018"]
[Site "Biel SUI"]
[Date "2018.07.25"]
[Round "4.2"]
[White "Mamedyarov,S"]
[Black "Svidler,P"]
[Result "1/2-1/2"]
[WhiteElo "2801"]
[BlackElo "2753"]

1.d4 Nf6 2.c4 g6 3.g3 c6 4.Bg2 d5 5.Qa4 dxc4 6.Qxc4 Be6 7.Qa4 Bg7 8.Nf3 O-O
9.O-O Nbd7 10.Nc3 Nd5 11.Rd1 N7f6 12.h3 Qb6 13.Ne1 Rfd8 14.e4 Nxc3 15.bxc3 Qb5
16.Qxb5 cxb5 17.Ba3 Bf8 18.d5 Bc8 19.Rac1 e6 20.d6 e5 21.Nd3 Ne8 22.Nxe5 Be6
23.Rd2 Bxd6 24.Rcd1 Bc7 25.Nd7 Nd6 26.Nf6+ Kg7 27.Nd5 Bxd5 28.Rxd5 Nc4 29.Bc5 a6
30.f4 Rxd5 31.Rxd5 Bb6 32.e5 Rc8 33.Bxb6 Nxb6 34.Rd6 Na4 35.Bxb7 Rxc3 36.Bxa6 Rxg3+
37.Kh2 Ra3 38.Bxb5 Rxa2+ 39.Kg3 Nc5 40.Rd4 Ra3+ 41.Kg2 Ne6  1/2-1/2

[Event "51st Biel GM 2018"]
[Site "Biel SUI"]
[Date "2018.07.26"]
[Round "5.1"]
[White "Carlsen,M"]
[Black "Mamedyarov,S"]
[Result "1/2-1/2"]
[WhiteElo "2842"]
[BlackElo "2801"]

1.e4 e5 2.Nf3 Nc6 3.Bb5 a6 4.Ba4 Nf6 5.d3 b5 6.Bb3 Bc5 7.c3 d6 8.Bg5 h6 9.Bh4 O-O
10.Nbd2 Be6 11.O-O Bb6 12.Re1 Bxb3 13.Nxb3 Nb8 14.d4 Nbd7 15.a4 Re8 16.Qc2 Qe7
17.h3 Rab8 18.axb5 axb5 19.Na5 Bxa5 20.Rxa5 c6 21.Ra7 Qe6 22.Rd1 Nf8 23.Rc7 Rec8
24.Rxc6 Rxc6 25.d5 Qc8 26.dxc6 Ne8 27.Be7 Qxc6 28.Nh4 Ng6 29.Nf5 Rb7 30.Bxd6 Rd7
31.Ba3 Rxd1+ 32.Qxd1 Qxe4 33.Ne3 Nf6 34.g3 h5 35.h4 Qc6 36.Bb4 Kh7 37.b3 Qa8
38.c4 bxc4 39.bxc4 Qc6 40.Bd6 Kg8 41.c5 Qe4 42.Qf1 Nd5 43.Nxd5 Qxd5 44.Qc1 f6
45.Qc2 e4 46.Kf1 Kf7 47.Qa4 Qd3+ 48.Kg1 Kg8 49.Qa2+ Kh7 50.Kh2 Qd1 51.Qa3 Qd2
52.Qe3 Qd5 53.Qc1 Kg8 54.Kg1 Kf7 55.Qa1 Kg8 56.Qc1 Kf7 57.Qb1 Ne7 58.Bxe7 Kxe7
59.Qb6 Qd1+ 60.Kh2 Qd4 61.Qb7+ Ke6 62.Qc6+ Ke7 63.Kg2 e3 64.Qb7+ Ke6 65.Qc8+ Kd5
66.fxe3 Qg4 67.Qd8+  1/2-1/2

[Event "51st Biel GM 2018"]
[Site "Biel SUI"]
[Date "2018.07.27"]
[Round "6.2"]
[White "Georgiadis,N"]
[Black "Mamedyarov,S"]
[Result "0-1"]
[WhiteElo "2526"]
[BlackElo "2801"]

1.e4 c5 2.Nf3 d6 3.d4 cxd4 4.Nxd4 Nf6 5.Nc3 a6 6.Be2 e5 7.Nb3 Be7 8.Be3 Be6
9.Nd5 Nbd7 10.Qd3 Bxd5 11.exd5 Rc8 12.c4 O-O 13.O-O Ne8 14.Qd2 b6 15.Rac1 a5
16.Na1 f5 17.f3 f4 18.Bf2 Bh4 19.Bd3 Bxf2+ 20.Qxf2 Nc5 21.Bc2 g6 22.Rfe1 Ng7
23.Be4 Qd7 24.Nc2 Nf5 25.b3 Kh8 26.Rb1 Ng7 27.Na3 Nf5 28.Nb5 Rf6 29.a3 g5
30.Nc3 Nd4 31.b4 axb4 32.Rxb4 g4 33.Qh4 Nxe4 34.Nxe4 Rg6 35.fxg4 Nc2 36.Rxb6 Nxe1
37.Nf6 Qg7 38.Rxd6 Rh6 39.Qxe1 Rxf6  0-1

[Event "51st Biel GM 2018"]
[Site "Biel SUI"]
[Date "2018.07.29"]
[Round "7.1"]
[White "Mamedyarov,S"]
[Black "Navara,D"]
[Result "1-0"]
[WhiteElo "2801"]
[BlackElo "2741"]

1.d4 Nf6 2.c4 e6 3.Nf3 d5 4.e3 c5 5.Nc3 a6 6.cxd5 exd5 7.Be2 Nc6 8.O-O cxd4
9.Nxd4 Bd6 10.b3 Be5 11.Nxc6 bxc6 12.Bb2 h5 13.f4 Bb8 14.Na4 Ba7 15.Bd4 Bg4
16.Bxg4 hxg4 17.Rc1 Qd6 18.Qc2 Bxd4 19.exd4 O-O 20.Qxc6 Qa3 21.Qc2 Rac8 22.Qb2 Qxb2
23.Nxb2 Rxc1 24.Rxc1 Re8 25.Kf1 Re4 26.g3 Rxd4 27.Ke2 g5 28.fxg5 Ne4 29.Nd3 Nxg5
30.Nf2 Rb4 31.Rc5 Ne4 32.Ra5 Nxf2 33.Kxf2 Rb6 34.Rxd5 Rh6 35.Ke3 Rxh2 36.Ra5 f5
37.Rxa6 Rg2 38.Kf4 Rf2+ 39.Kg5 Rf3 40.Kh4 Kf7 41.b4 Ke7 42.b5 Kd7 43.Ra7+ Kd6
44.Rf7 Rf2 45.b6 Rxa2 46.Rxf5 Rb2 47.Rh5 Rb4 48.Rh8 Ke5 49.Rb8 Kf6 50.Kh5 Kg7
51.Kg5 Kf7 52.Rb7+ Ke8 53.Kh4 Kf8 54.Kh5 Ke8 55.Rb8+ Kf7 56.Kg5 Kg7 57.Rb7+ Kf8
58.Kf6 Ke8 59.Rb8+ Kd7 60.Kg5 Kc6 61.Kh5 Re4 62.Rg8 Kxb6 63.Rxg4 Re3 64.Rg7 Kc6
65.g4 Kd6 66.g5 Ke6 67.Kg6 Rg3 68.Ra7  1-0

[Event "51st Biel GM 2018"]
[Site "Biel SUI"]
[Date "2018.07.31"]
[Round "9.1"]
[White "Mamedyarov,S"]
[Black "Carlsen,M"]
[Result "1-0"]
[WhiteElo "2801"]
[BlackElo "2842"]

1.d4 Nf6 2.c4 g6 3.g3 Bg7 4.Bg2 O-O 5.Nc3 d6 6.Nf3 c5 7.O-O Nc6 8.e3 d5 9.cxd5 Nxd5
10.Nxd5 Qxd5 11.Ne5 Qd6 12.Nc4 Qc7 13.d5 Rd8 14.Bd2 Nb4 15.Bxb4 cxb4 16.Rc1 a5
17.a3 bxa3 18.bxa3 a4 19.Qd3 Bf5 20.e4 Bd7 21.Qe3 Ra6 22.e5 b5 23.d6 Qb8
24.dxe7 Re8 25.Rfd1 Rxe7 26.Qc5 Qf8 27.Ne3 Be6 28.Qxb5 Raa7 29.Nd5 Bxd5 30.Rxd5 Reb7
31.Qd3 Rb8 32.h4 Qe8 33.Qd4 Qe7 34.f4 Bf8 35.Kh2 Rab7 36.Qxa4 Qxa3 37.Qxa3 Bxa3
38.Rcd1 Be7 39.Kh3 Rc7 40.h5 gxh5 41.f5 f6 42.e6 Rb3 43.Rd7 Rbc3 44.Ra1 Kg7
45.Ra8 Kh6 46.Re8 Bb4 47.Rb8 Be7 48.Be4 R3c4 49.Bd5 R4c5 50.Be4 Rc4 51.Bd5 R4c5
52.Rb7 Rxd7 53.Rxd7 Ra5 54.Bc6 Ba3 55.Rf7 Re5 56.Kh4 Bc1 57.Kh3 Rxf5  1-0

[Event "51st Biel GM 2018"]
[Site "Biel SUI"]
[Date "2018.08.01"]
[Round "10.1"]
[White "Svidler,P"]
[Black "Mamedyarov,S"]
[Result "1/2-1/2"]
[WhiteElo "2753"]
[BlackElo "2801"]

1.c4 Nf6 2.Nc3 e6 3.e4 d5 4.e5 d4 5.exf6 dxc3 6.bxc3 Qxf6 7.Nf3 b6 8.Bd3 Bb7
9.Bc2 Bxf3 10.Qxf3 Qxf3 11.gxf3 Nd7 12.d4 c5 13.O-O cxd4 14.cxd4 Rc8 15.Bd3 Bd6
16.Rb1 O-O 17.f4 Rfd8 18.Be3 g6 19.Rfd1 Be7 20.a4 Nb8 21.Be2 Rc7 22.c5 bxc5
23.dxc5 Rxd1+ 24.Bxd1 Na6 25.c6 Rxc6 26.Bxa7 Bc5 27.Bxc5 Rxc5 28.Be2 Ra5
29.Bxa6 Rxa6 30.Rb4 Rc6 31.Kg2 Rc3 32.a5 Ra3 33.Rb5 Kg7 34.Rc5 Kg8 35.Rc8+ Kg7
36.Rc5 Kg8 37.Rc8+ Kg7 38.Rc5 Kg8  1/2-1/2

[Event "Saint Louis Rapid 2018"]
[Site "Saint Louis USA"]
[Date "2018.08.11"]
[Round "1.1"]
[White "So,W"]
[Black "Mamedyarov,S"]
[Result "0-1"]
[WhiteElo "2780"]
[BlackElo "2801"]

1.e4 e5 2.Nf3 Nc6 3.Bc4 Nf6 4.Nc3 Nxe4 5.Nxe4 d5 6.Bd3 dxe4 7.Bxe4 Bd6 8.O-O O-O
9.Re1 Bg4 10.h3 Bh5 11.g4 Bg6 12.d3 f5 13.gxf5 Bxf5 14.Bxf5 Rxf5 15.Be3 Bc5
16.Bxc5 Qd5 17.Nd2 Qxc5 18.Ne4 Qe7 19.c3 Raf8 20.Qb3+ Kh8 21.Qxb7 Nd8 22.Qb4 Qh4
23.Ng3 Rf4 24.Re4 Ne6 25.Rxf4 exf4 26.Re1 a5 27.Qe4 Ng5 28.Qe7 Kg8 29.Re4 Nxh3+
30.Kg2 Ng5  0-1

[Event "Saint Louis Rapid 2018"]
[Site "Saint Louis USA"]
[Date "2018.08.11"]
[Round "2.2"]
[White "Mamedyarov,S"]
[Black "Grischuk,A"]
[Result "1/2-1/2"]
[WhiteElo "2801"]
[BlackElo "2766"]

1.d4 Nf6 2.c4 g6 3.g3 Bg7 4.Bg2 O-O 5.Nc3 Nc6 6.Nf3 d5 7.cxd5 Nxd5 8.O-O e5
9.Bg5 f6 10.Bd2 Nxc3 11.bxc3 e4 12.Ne1 f5 13.Qb3+ Kh8 14.Rd1 b6 15.Nc2 Na5
16.Qb1 Ba6 17.Rfe1 Nc4 18.Bc1 Qd7 19.f3 exf3 20.exf3 Rae8 21.Bf1 c5 22.dxc5 Qc6
23.Nd4 Qxc5 24.Kg2 Qc8 25.Qb4 Ne5 26.Bxa6 Qxa6 27.Qb5 Qxa2+ 28.Re2 Qf7 29.Rde1 Nd7
30.Ne6 a6 31.Qc6 Rc8 32.Qd6 Nc5 33.Nxf8 Bxf8 34.Re7 Qa2+ 35.Kh3 Kg8 36.Re8 Rxe8
37.Rxe8 Qf7 38.Ra8 f4 39.Bxf4 g5 40.Bxg5 Qxf3 41.Rb8 Qh5+ 42.Bh4 Qf5+ 43.Kg2 Qe4+
44.Kf1 Qf3+ 45.Ke1 Qxc3+ 46.Ke2 Qc4+ 47.Ke1 Qe4+ 48.Kd2 Qb4+ 49.Kd1 Qb1+
50.Ke2 Qe4+ 51.Kd1 Qb1+ 52.Ke2 Qe4+  1/2-1/2

[Event "Saint Louis Rapid 2018"]
[Site "Saint Louis USA"]
[Date "2018.08.11"]
[Round "3.1"]
[White "Caruana,F"]
[Black "Mamedyarov,S"]
[Result "1-0"]
[WhiteElo "2822"]
[BlackElo "2801"]

1.e4 e5 2.Nf3 Nc6 3.Bb5 a6 4.Ba4 Nf6 5.O-O Nxe4 6.d4 b5 7.Bb3 d5 8.dxe5 Be6
9.Nbd2 Nc5 10.c3 Be7 11.Bc2 d4 12.Nb3 d3 13.Bb1 Nxb3 14.axb3 Bf5 15.b4 O-O
16.h3 Qd7 17.Bf4 Rfd8 18.g4 Bg6 19.Bg3 h5 20.Nd2 hxg4 21.hxg4 Nxb4 22.cxb4 Bxb4
23.Ba2 c5 24.e6 fxe6 25.Nf3 c4 26.Ne5 Qe8 27.Kg2 Rd5 28.f3 Rad8 29.Rh1 Bd6
30.Qe1 d2 31.Qe3 Bc2 32.Rad1 Bxd1 33.Rxd1 Bxe5 34.Bxe5 Rd3 35.Qe4 R8d5 36.Bb1 Qf7
37.Bxd3 Rxd3 38.Qa8+ Qf8 39.Qxf8+ Kxf8 40.Bc3 Ke7 41.Kf2 g6 42.Rxd2 Rxd2+
43.Bxd2 Kd6 44.Bb4+ Kd5 45.Ke3 Ke5 46.Bd2 Kd5 47.f4 Kc5 48.Ke4 b4 49.Ke5 a5
50.Kxe6 Kd4 51.f5 gxf5 52.gxf5 Kd3 53.Bf4 a4 54.f6 b3 55.f7 c3 56.bxc3  1-0

[Event "Saint Louis Rapid 2018"]
[Site "Saint Louis USA"]
[Date "2018.08.12"]
[Round "4.4"]
[White "Aronian,L"]
[Black "Mamedyarov,S"]
[Result "1/2-1/2"]
[WhiteElo "2767"]
[BlackElo "2801"]

1.e4 c6 2.d4 d5 3.exd5 cxd5 4.c3 Nf6 5.Bf4 Nc6 6.Bd3 Bg4 7.Qb3 Qd7 8.Nd2 e6
9.Ngf3 Bd6 10.Bxd6 Qxd6 11.O-O O-O 12.Rae1 Rab8 13.Ne5 b5 14.Bxb5 a6 15.Bxc6 Rxb3
16.axb3 Bf5 17.b4 Ng4 18.Ba4 h5 19.h3 Nxe5 20.Rxe5 f6 21.Re3 e5 22.Nb3 Bc2
23.Ra1 h4 24.Nc5 Bxa4 25.Rxa4 exd4 26.cxd4 Qb6 27.b3 Ra8 28.Re7 Qd6 29.Rd7 Qc6
30.Rb7 Qd6 31.Rd7 Qc6 32.Rb7 Qe8 33.Ra1 Rb8 34.Rd7 Rd8 35.Rb7 Rb8 36.Rd7 Rd8
37.Rb7  1/2-1/2

[Event "Saint Louis Rapid 2018"]
[Site "Saint Louis USA"]
[Date "2018.08.12"]
[Round "6.2"]
[White "Vachier Lagrave,M"]
[Black "Mamedyarov,S"]
[Result "0-1"]
[WhiteElo "2779"]
[BlackElo "2801"]

1.e4 e5 2.Nf3 Nc6 3.Bc4 Nf6 4.d3 h6 5.O-O d6 6.Re1 g5 7.d4 g4 8.dxe5 gxf3
9.exf6 Ne5 10.Nd2 Qxf6 11.gxf3 Rg8+ 12.Kh1 Nxc4 13.Nxc4 Bh3 14.Ne3 h5 15.Bd2 O-O-O
16.Qe2 d5 17.Rg1 Rxg1+ 18.Rxg1 dxe4 19.fxe4 Qxb2 20.Qxh5 Be6 21.Rg8 f6 22.Rh8 Qd4
23.Qa5 Qxe4+ 24.Kg1 a6 25.Bc3 Bd5 26.Nxd5 Rxd5 27.Rxf8+ Kd7 28.Rf7+ Ke8 29.Re7+ Kxe7
30.Qxc7+ Rd7 31.Qc5+ Kf7 32.Qh5+ Qg6+ 33.Qxg6+ Kxg6 34.Bb4 Rc7 35.c3 b6  0-1